| 000 -LEADER |
| fixed length control field |
00534cam a2200193 i 4500 |
| 001 - CONTROL NUMBER |
| control field |
347 |
| 003 - CONTROL NUMBER IDENTIFIER |
| control field |
BD-DhUAP |
| 005 - DATE AND TIME OF LATEST TRANSACTION |
| control field |
20210104150847.0 |
| 008 - FIXED-LENGTH DATA ELEMENTS--GENERAL INFORMATION |
| fixed length control field |
210104r19891976at 000 1 eng |
| 020 ## - INTERNATIONAL STANDARD BOOK NUMBER |
| International Standard Book Number |
0207159904 |
| 040 ## - CATALOGING SOURCE |
| Original cataloging agency |
DLC |
| Transcribing agency |
DLC |
| Modifying agency |
BD-DhUAP |
| Language of cataloging |
eng |
| 082 00 - DEWEY DECIMAL CLASSIFICATION NUMBER |
| Classification number |
823 MOO |
| 100 1# - MAIN ENTRY--PERSONAL NAME |
| Personal name |
Moorhouse, Frank. |
| 245 10 - TITLE STATEMENT |
| Title |
Conference-Ville / |
| Statement of responsibility, etc. |
Frank Moorhouse. |
| 260 ## - PUBLICATION, DISTRIBUTION, ETC. |
| Place of publication, distribution, etc. |
Eden Park : |
| Name of publisher, distributor, etc. |
Angus & Robertson, |
| Date of publication, distribution, etc. |
c1976 [1989]. |
| 300 ## - PHYSICAL DESCRIPTION |
| Extent |
122 pages ; |
| Dimensions |
20 cm. |
| 651 #0 - SUBJECT ADDED ENTRY--GEOGRAPHIC NAME |
| Geographic name |
Australia |
| General subdivision |
Social life and customs |
| -- |
Fiction. |
| 942 ## - ADDED ENTRY ELEMENTS (KOHA) |
| Source of classification or shelving scheme |
|
| Koha item type |
Book |